| 000 | 00700nam a22002057a 4500 | ||
|---|---|---|---|
| 999 |
_c15131 _d15131 |
||
| 003 | OSt | ||
| 082 | _2664 ASW/DE | ||
| 088 | _aP 337 | ||
| 100 |
_aASWATHY M. S _93192 |
||
| 245 | _aDevelopment of a power operated rubber tapping machine | ||
| 260 |
_aTavanur 2016 _bDepartment of Food and Agricultural Processing Engineering |
||
| 300 | _a44 | ||
| 500 | _aDevelopment of a power operated rubber tapping machine | ||
| 520 | _aDevelopment of a power operated rubber tapping machine | ||
| 700 |
_aSoumya Krishnan V _93583 |
||
| 700 |
_aSruthi N. U _93584 |
||
| 700 |
_aEr. George Mathew (Guide) _93431 |
||
| 856 | _uhttps://drive.google.com/open?id=11t_SloGTzW5MU80WySMqSMDOb1oprwe0 | ||
| 942 | _cPR | ||